|
|
|
|
| LEADER |
02270cas a2200265 a 4500 |
| 001 |
AALejournalIMF021272 |
| 008 |
230101c9999 xx r poo 0 0eng d |
| 020 |
|
|
|c 5.00 USD
|
| 020 |
|
|
|z 9781513557809
|
| 022 |
|
|
|a 1018-5941
|
| 040 |
|
|
|a BD-DhAAL
|c BD-DhAAL
|
| 100 |
1 |
|
|a Franjo, Luis.
|
| 245 |
1 |
0 |
|a Financial Frictions and Firm Informality :
|b A General Equilibrium Perspective /
|c Luis Franjo, Nathalie Pouokam, Francesco Turino.
|
| 264 |
|
1 |
|a Washington, D.C. :
|b International Monetary Fund,
|c 2020.
|
| 300 |
|
|
|a 1 online resource (33 pages)
|
| 490 |
1 |
|
|a IMF Working Papers
|
| 500 |
|
|
|a <strong>Off-Campus Access:</strong> No User ID or Password Required
|
| 500 |
|
|
|a <strong>On-Campus Access:</strong> No User ID or Password Required
|
| 506 |
|
|
|a Electronic access restricted to authorized BRAC University faculty, staff and students
|
| 520 |
3 |
|
|a In this paper we build a model of occupational choice with informal production and progressive income taxation. We calibrate the model to the Brazilian economy to evaluate the impact of removing financial frictions on informality. We find that financial deepening leads to a drop in the size of the informal sector (from 37 percent to 22 percent of official GDP), to an increase in measured TFP (by 4 percent), to an increase in official GDP (by 27 percent), to a decrease in tax evasion (by 17 percent) and to an increase in fiscal revenues (by 15 percent). When assessing the response of this policy at different levels of financial development, we find a non-linear relationship between the credit-to-GDP ratio on the one hand, and either the size of the informal economy, or GDP per capita on the other hand. We test these features with cross-country data and find evidence in favor of both types of non-linearity. We also investigate changes in the income tax progressitivity as an alternative policy and find it to be more effective in countries with a medium to high level of financial markets development.
|
| 538 |
|
|
|a Mode of access: Internet
|
| 700 |
1 |
|
|a Pouokam, Nathalie.
|
| 700 |
1 |
|
|a Turino, Francesco.
|
| 830 |
|
0 |
|a IMF Working Papers; Working Paper ;
|v No. 2020/211
|
| 856 |
4 |
0 |
|z Full text available on IMF
|u http://elibrary.imf.org/view/journals/001/2020/211/001.2020.issue-211-en.xml
|z IMF e-Library
|